[Event "Oberliga Northwest 1994/95"]
[Site "masterchessopen.com Germany"]
[Round "0"]
[White "Schulz Tina (GER)"]
[Black "Lunkmoos Gerhard (GER)"]
[Result "1-0"]
[WhiteElo "1946"]
[BlackElo "2117"]

1.e4 c5 2.Nf3 d6 3.d4 cxd4 4.Nxd4 Nf6 5.f3 e5 6.Bb5+ Nbd7 7.Nf5 a6 8.Bxd7+
Qxd7 9.Bg5 d5 10.Nc3 d4 11.Bxf6 gxf6 12.Nd5 Qc6 13.Ng3 Be7 14.c3 dxc3 15.Rc1
Bd8 16.a3 Be6 17.Rxc3 Qb5 18.b4 Rc8 19.Rxc8 Bxc8 20.Nh5 Qc6 21.Qd2 Rg8 22.O-O
Rg5 23.Rc1 Rxh5 24.Rxc6 bxc6 25.g4 Rg5 26.Ne3 Bb6 27.Kf1 h5 28.h3 hxg4 29.fxg4
Rg8 30.Nf5 Bxf5 31.exf5 Ke7 32.Qc2 Rc8 33.Qc4 Rc7 34.Ke2 Bd4 35.h4 {#r} 1-0

[Event "It"]
[Site "masterchessopen.com Hajduboszormeny (Hungary)"]
[Round "4"]
[White "Borsavolgyi Tamas (HUN)"]
[Black "Ballai Zsolt (HUN)"]
[Result "1-0"]
[WhiteElo "2320"]
[BlackElo "2285"]

1.e4 c5 2.Nf3 d6 3.d4 cxd4 4.Nxd4 Nf6 5.f3 e5 6.Bb5+ Bd7 7.Bxd7+ Qxd7 8.Nf5 d5
9.Bg5 dxe4 10.Bxf6 Qxd1+ 11.Kxd1 gxf6 12.fxe4 Nc6 13.c3 O-O-O+ 14.Nd2 Rg8
15.g3 Ne7 16.Kc2 h5 17.Nxe7+ Bxe7 18.Nf3 f5 19.exf5 e4 20.Ne5 h4 21.Rae1 hxg3
22.hxg3 Rxg3 23.Rxe4 Rg2+ 24.Kb3 Rdd2 25.Nc4 Rde2 26.Rxe2 Rxe2 27.Rh7 b5
28.Na3 Bxa3 29.Kxa3 Re7 30.Kb4 Rb7 31.Rh6 Kd7 32.Rf6 Ke7 33.Rc6 {#r} 1-0

[Event "Ch Helsinki"]
[Site "masterchessopen.com Helsinki (Finland)"]
[Round "0"]
[White "Kilpi Teemu (FIN)"]
[Black "Niemela Antti (FIN)"]
[Result "0-1"]
[WhiteElo "2135"]
[BlackElo "2279"]

1.e4 c5 2.d4 cxd4 3.Nf3 d6 4.Nxd4 Nf6 5.f3 e5 6.Bb5+ Nbd7 7.Nf5 d5 8.exd5 a6
9.Ba4 b5 10.Bb3 Nc5 11.Ne3 Bb7 12.c4 bxc4 13.Bxc4 Bd6 14.Nf5 O-O 15.b4 e4
16.bxc5 Be5 17.c6 Bc8 18.Nd4 Qa5+ 19.Qd2 Qc5 20.Bb2 Qxc4 21.Na3 Qxd5 22.O-O
Rb8 23.Bc3 exf3 24.Rxf3 Ne4 {#R} 0-1

[Event "Tournament"]
[Site "masterchessopen.com Austria"]
[Round "0"]
[White "Wach Markus (AUT)"]
[Black "Postl Anton (AUT)"]
[Result "1-0"]
[WhiteElo "2390"]
[BlackElo "2300"]

1.e4 c5 2.Nf3 d6 3.d4 cxd4 4.Nxd4 Nf6 5.f3 e5 6.Bb5+ Nbd7 7.Nf5 Qa5+ 8.Nc3 d5
9.exd5 Bb4 10.Bd2 O-O 11.Bxd7 Bxd7 12.Ne3 Qc5 13.Qe2 Bxc3 14.Bxc3 Nxd5 15.Nxd5
Qxd5 16.Rd1 Qc6 17.O-O Rfe8 18.Qf2 Qc7 19.f4 f6 20.fxe5 Bb5 21.exf6 Bxf1
22.Rxf1 Rf8 23.Qe2 gxf6 24.Qg4+ Qg7 25.Qh4 Qg5 26.Qc4+ Kg7 27.h4 Qg6 28.Kh2
Rae8 29.Rf4 h5 30.Qd5 Rf7 31.Rf5 Kg8 32.Rxf6 Qg7 33.Rf5 {#r} 1-0

[Event "It (open) \"]
[Site "masterchessopen.com Boca (Argentina)"]
[Round "1"]
[White "Rodriguez Andres (URU)"]
[Black "Albarran Gustavo (ARG)"]
[Result "1-0"]
[WhiteElo "2495"]
[BlackElo "2135"]

1.e4 c5 2.Nf3 d6 3.d4 cxd4 4.Nxd4 Nf6 5.f3 e5 6.Bb5+ Bd7 7.Bxd7+ Qxd7 8.Nf5 d5
9.Bg5 Qb5 10.Bxf6 Qxb2 11.Nd2 gxf6 12.exd5 Bb4 13.O-O Bc3 14.Rb1 Bd4+ 15.Kh1
Qxa2 16.Ne4 Nd7 17.Rxb7 Rd8 18.Qd2 {#r} 1-0

[Event "It (open) (b)"]
[Site "masterchessopen.com Cannes (France)"]
[Round "6"]
[White "Manolov Ivan (BUL)"]
[Black "Alexander Paco (FRA)"]
[Result "1-0"]
[WhiteElo "2365"]
[BlackElo "2106"]

1.e4 c5 2.Nf3 d6 3.d4 cxd4 4.Nxd4 Nf6 5.f3 e5 6.Bb5+ Nbd7 7.Nf5 d5 8.exd5 a6
9.Bxd7+ Qxd7 10.Ne3 b5 11.O-O Bb7 12.Nc3 b4 13.Ne4 Nxd5 14.Nc4 Qc7 15.Qe2 Rc8
16.b3 Bc5+ 17.Nxc5 Qxc5+ 18.Be3 Nxe3 19.Qxe3 Qxe3+ 20.Nxe3 O-O 21.a3 bxa3
22.Rxa3 f5 23.Ra5 Rc3 24.Rxe5 f4 25.Nc4 Rxc2 26.Rd1 Bc6 27.h4 Rc3 28.Nd2 {#r}
1-0

[Event "It (open)"]
[Site "masterchessopen.com Montecatini Terme (Italy)"]
[Round "7"]
[White "Borgo Giulio (ITA)"]
[Black "Van Egmond Rogier Marcel (NED)"]
[Result "1-0"]
[WhiteElo "2370"]
[BlackElo "2270"]

1.e4 c5 2.Nf3 d6 3.d4 cxd4 4.Nxd4 Nf6 5.f3 e5 6.Bb5+ Nbd7 7.Nf5 a6 8.Bxd7+
Qxd7 9.Bg5 d5 10.Bxf6 gxf6 11.Ne3 d4 12.Nd5 Qd8 13.c4 Be6 14.O-O Bg7 15.f4 f5
16.fxe5 Bxe5 17.Nd2 Rg8 18.Qh5 Rg5 19.Qe2 Qd6 20.Nf3 Rg8 21.c5 d3 22.Qf2 Qb8
23.Rae1 fxe4 24.Nxe5 Qxe5 25.Nf6+ Kf8 26.Nd7+ {#r} 1-0

[Event "Ch France (juniors)"]
[Site "masterchessopen.com Montlucon (France)"]
[Round "7"]
[White "Fressinet Laurent (FRA)"]
[Black "Guidarelli Laurent (FRA)"]
[Result "1-0"]
[WhiteElo "2335"]
[BlackElo "2210"]

1.e4 c5 2.Nf3 d6 3.d4 cxd4 4.Nxd4 Nf6 5.f3 e5 6.Bb5+ Bd7 7.Bxd7+ Qxd7 8.Nf5 g6
9.Ne3 Nc6 10.O-O Bg7 11.c4 O-O 12.Nc3 Rac8 13.b3 Nd4 14.a4 Nh5 15.Ned5 Kh8
16.Nb5 f5 17.Nxd4 exd4 18.exf5 gxf5 19.Bb2 f4 20.Bxd4 Rg8 21.Re1 Rcf8 22.Re7
Qf5 23.Bxg7+ Rxg7 24.Qd4 Nf6 25.Rxg7 Kxg7 26.Re1 Kh6 27.Qxf4+ Qxf4 28.Nxf4 Rd8
29.Re7 Rd7 30.Rxd7 Nxd7 31.Nd3 {#r} 1-0

[Event "Ch Norway (team)"]
[Site "masterchessopen.com Norway"]
[Round "6"]
[White "Mork Kjell-Arne (NOR)"]
[Black "Kolas Tore (NOR)"]
[Result "1-0"]
[WhiteElo "2290"]
[BlackElo "2229"]

1.e4 c5 2.Nf3 d6 3.d4 cxd4 4.Nxd4 Nf6 5.f3 e5 6.Bb5+ Nbd7 7.Nb3 Be7 8.Nc3 O-O
9.Be3 Nb6 10.Qe2 Be6 11.O-O-O a6 12.Bxb6 Qxb6 13.Bc4 Nd7 14.Bd5 Qc7 15.g3 Rac8
16.f4 exf4 17.gxf4 Bf6 18.Nd4 Rfe8 19.Qg2 Qb6 20.Nxe6 fxe6 21.e5 dxe5 22.Be4
Qe3+ 23.Kb1 Nc5 24.f5 Qg5 25.Qe2 exf5 26.Rhg1 Qf4 27.Nd5 Qh6 28.Bxf5 Ne6
29.Qg4 Kf7 30.Nxf6 Qxf6 31.Bxe6+ Qxe6 32.Qxg7# 1-0

[Event "It (open)"]
[Site "masterchessopen.com Santiago (Chile)"]
[Round "1"]
[White "Cueto J (BOL)"]
[Black "Velasquez Cesar (CHI)"]
[Result "1-0"]
[WhiteElo "2200"]
[BlackElo "2365"]

1.e4 c5 2.Nf3 d6 3.d4 cxd4 4.Nxd4 Nf6 5.f3 e5 6.Bb5+ Nbd7 7.Nf5 d5 8.exd5 a6
9.Ba4 b5 10.Bb3 Nc5 11.Ne3 Nxb3 12.axb3 Bb7 13.c4 Bc5 14.O-O Rc8 15.Re1 O-O
16.Na3 Nh5 17.g3 f5 18.Kg2 f4 19.Ng4 bxc4 20.Rxe5 g6 21.bxc4 Bd6 22.Qd4 Bxe5
23.Qxe5 h6 24.Nxh6+ Kh7 25.Ng4 Re8 26.Qd4 fxg3 27.hxg3 Re2+ 28.Kh3 Qd6 29.Bf4
Nxf4+ 30.gxf4 Rh8 31.Nf6+ Kh6 32.Kg3 g5 33.Rh1+ Kg6 34.Rxh8 gxf4+ 35.Kh3 {#r}
1-0

[Event "Bundesliga (2nd) South 1997/98"]
[Site "masterchessopen.com Germany"]
[Round "0"]
[White "Syska Albert (GER)"]
[Black "Bauer Andreas (GER)"]
[Result "1-0"]
[WhiteElo "2220"]
[BlackElo "2199"]

1.e4 c5 2.Nf3 d6 3.d4 cxd4 4.Nxd4 Nf6 5.f3 e5 6.Bb5+ Bd7 7.Bxd7+ Nbxd7 8.Nf5
d5 9.exd5 Qa5+ 10.Nc3 g6 11.Ne3 Bc5 12.O-O Nb6 13.Kh1 Bxe3 14.Bxe3 Nbxd5
15.Nxd5 Nxd5 16.Bg5 O-O 17.c4 Nf4 18.a3 f6 19.b4 Qd8 20.Bxf4 exf4 21.Qb3 Re8
22.c5+ Kg7 23.Qc4 Qc7 24.Rad1 g5 25.h3 Rad8 26.b5 Rxd1 27.Rxd1 Qe5 28.c6 bxc6
29.bxc6 Re7 30.Kh2 h5 31.Rd7 g4 32.hxg4 hxg4 33.Rxe7+ Qxe7 34.Qxf4 f5 35.Qg3
Qe6 36.fxg4 Qh6+ 37.Qh3 Qf4+ 38.Qg3 Qh6+ 39.Kg1 Qc1+ 40.Kf2 Qd2+ 41.Kf1 Qc1+
42.Qe1 Qf4+ 43.Kg1 fxg4 44.Qc3+ Kh6 45.c7 g3 46.Qc5 Qd2 47.Qf8+ Kg6 48.Qg8+
Kf6 49.Qd8+ {#r} 1-0

[Event "Ch Germany (juniors) (under 20)"]
[Site "masterchessopen.com Schierke (Germany)"]
[Round "8"]
[White "Kritz Leonid (GER)"]
[Black "Mai Philipp (GER)"]
[Result "1-0"]
[WhiteElo "2612"]
[BlackElo "2319"]

1.e4 c5 2.Ne2 d6 3.d4 cxd4 4.Nxd4 Nf6 5.f3 e5 6.Bb5+ Bd7 7.Bxd7+ Qxd7 8.Nf5 d5
9.Bg5 dxe4 10.Bxf6 gxf6 11.fxe4 Bb4+ 12.c3 Qxd1+ 13.Kxd1 Bc5 14.Nd2 Rg8 15.g3
Nc6 16.Kc2 Ne7 17.b4 Nxf5 18.exf5 Bb6 19.Ne4 Ke7 20.Rhd1 Rac8 21.Kb3 Rg4
22.Re1 Rd8 23.h3 Rgg8 24.Rad1 h5 25.Rxd8 Rxd8 26.Kc2 Rc8 27.Rd1 Rc4 28.Nd6 Rc7
29.Kb3 Be3 30.c4 Bf2 31.Ne4 Bd4 32.Rb1 Rc8 33.c5 Rc7 34.Kc4 Rd7 35.Rd1 Rc7
36.Nd6 a6 37.a4 a5 38.Nb5 Rc8 39.Nxd4 exd4 {#r} 1-0

[Event "Ch Russia (juniors) (under 14)"]
[Site "masterchessopen.com St. Petersburg (Russia)"]
[Round "3"]
[White "Kurenkov Nikolai (RUS)"]
[Black "Khismatullin Denis (RUS)"]
[Result "1-0"]
[WhiteElo "2165"]
[BlackElo "2635"]

1.e4 c5 2.Nf3 d6 3.d4 cxd4 4.Nxd4 Nf6 5.f3 e5 6.Bb5+ Bd7 7.Bxd7+ Nbxd7 8.Nf5
Nb6 9.c4 g6 10.Ne3 Bh6 11.Nc3 O-O 12.b3 a6 13.O-O Kg7 14.Qe1 Nbd7 15.Ba3 Qb6
16.Bc1 Qd4 17.Kh1 Rfd8 18.Bd2 Qc5 19.Nf5+ gxf5 20.Qg3+ Kh8 21.Bxh6 Rg8 22.Qh3
f4 23.Rad1 Rg6 24.Nd5 Nxd5 25.cxd5 Qc8 26.Rc1 Qd8 27.g3 fxg3 28.hxg3 Qa5
29.Rc2 Rag8 30.Rh2 Nf6 31.g4 Qb6 32.Bd2 Kg7 33.g5 Kh8 34.f4 Qd4 35.Re1 b5
36.Bc1 b4 37.fxe5 Qxe5 38.Bb2 Qxg5 {#r} 1-0

[Event "It"]
[Site "masterchessopen.com Szeged (Hungary)"]
[Round "8"]
[White "Farkas Tibor (SRB)"]
[Black "Papp Laszlo (HUN)"]
[Result "1-0"]
[WhiteElo "2275"]
[BlackElo "2112"]

1.e4 c5 2.Nf3 d6 3.d4 cxd4 4.Nxd4 Nf6 5.f3 e5 6.Bb5+ Nbd7 7.Nf5 Qc7 8.Bg5 a6
9.Bxf6 gxf6 10.Bxd7+ Bxd7 11.Nc3 Bxf5 12.exf5 Rc8 13.Qd3 Qc4 14.O-O-O Qxd3
15.Rxd3 Rc6 16.Rhd1 Kd7 17.Ne4 Be7 18.b3 b5 19.c3 Rd8 20.Kb2 Kc7 21.Rd5 Rb8
22.Kc2 Rd8 23.R1d3 Rg8 24.Rd2 Rd8 25.Kd1 Rg8 26.Ke1 Rg7 27.Kf1 Rg8 28.Kf2 Rg7
29.g3 Rg8 30.Kg2 Rd8 31.a3 Rd7 32.Kh3 Kd8 33.Kg4 Ke8 34.f4 exf4 35.Kxf4 Kf8
36.Ke3 Kg7 37.R2d4 Rdc7 38.Kd2 Rc8 39.a4 bxa4 40.Rxa4 Rb8 41.Kc2 Rb5 {#r} 1-0

[Event "It (open)"]
[Site "masterchessopen.com Villa Ballester (Argentina)"]
[Round "8"]
[White "Scarpa Joaquin (ARG)"]
[Black "Felgaer Ruben (ARG)"]
[Result "1-0"]
[WhiteElo "2185"]
[BlackElo "2335"]

1.e4 c5 2.Nf3 d6 3.d4 cxd4 4.Nxd4 Nf6 5.f3 e5 6.Bb5+ Bd7 7.Bxd7+ Qxd7 8.Nf5 d5
9.Bg5 dxe4 10.Bxf6 Qxd1+ 11.Kxd1 gxf6 12.fxe4 Rg8 13.g3 Kd7 14.Nc3 Ke6 15.Nd5
Na6 16.Ke2 Rc8 17.c3 h5 18.Nde3 Nc5 19.Kf3 Na4 20.Rab1 Bc5 21.Rhd1 Rc6 22.Nd5
Bf8 23.Rd2 Rg5 24.Nde3 Rb6 25.h4 Rg8 26.Nd5 Rc6 27.Rbd1 {#r} 1-0

[Event "It (open) (b)"]
[Site "masterchessopen.com Witley (England)"]
[Round "10"]
[White "Leech Aiden M (ENG)"]
[Black "Broomfield Matthew (ENG)"]
[Result "1-0"]
[WhiteElo "2134"]
[BlackElo "2105"]

1.e4 c5 2.Nf3 d6 3.d4 cxd4 4.Nxd4 Nf6 5.f3 e5 6.Bb5+ Bd7 7.Bxd7+ Qxd7 8.Nb3
Be7 9.Nc3 O-O 10.Bg5 Nc6 11.Qd2 Ne8 12.O-O-O a5 13.Be3 Nc7 14.Nc5 Qe8 15.N5a4
Ne6 16.Nb6 Rd8 17.Ncd5 f5 18.Nc4 fxe4 19.fxe4 Qg6 20.Nxa5 Bg5 21.Bxg5 Qxg5
22.Nxc6 bxc6 23.Qxg5 Nxg5 24.Ne7+ Kh8 25.Nxc6 Rc8 26.Ne7 Rce8 27.Nf5 Nxe4
28.Nxd6 Nxd6 29.Rxd6 Rf2 30.Rd2 Ref8 31.Rhd1 h5 32.Re1 Rf1 33.Re2 R8f2 34.Rxf2
Rxf2 35.Rxe5 {#r} 1-0

[Event "Ch Chess Club"]
[Site "masterchessopen.com Arlington (USA)"]
[Round "1"]
[White "Reichstein Boris (USA)"]
[Black "Cohen Harry S (USA)"]
[Result "1-0"]
[WhiteElo "2257"]
[BlackElo "2055"]

1.e4 c5 2.Nf3 d6 3.d4 cxd4 4.Nxd4 Nf6 5.f3 e5 6.Bb5+ Bd7 7.Bxd7+ Qxd7 8.Nf5 d5
9.Bg5 dxe4 10.Bxf6 Qxd1+ 11.Kxd1 gxf6 12.fxe4 Nc6 13.c3 Rg8 14.g3 O-O-O+
15.Kc2 Ne7 16.Nxe7+ Bxe7 17.Nd2 h5 18.Nf3 Bc5 19.Nh4 Rd7 20.Rad1 Rgd8 21.Rxd7
Rxd7 22.Rd1 Bf8 23.Rxd7 Kxd7 24.Kd3 Kc6 25.Nf5 a5 26.b3 b5 27.Ke3 Kc5 28.Kf3
Kc6 29.h4 Ba3 30.g4 hxg4+ 31.Kxg4 Bc1 32.h5 {#r} 1-0

[Event "It (cat.3)"]
[Site "masterchessopen.com Budapest (Hungary)"]
[Round "3"]
[White "Gara Ticia (HUN)"]
[Black "Pham Minh Hoang (VIE)"]
[Result "0-1"]
[WhiteElo "2233"]
[BlackElo "2357"]

1.e4 c5 2.Nf3 d6 3.d4 cxd4 4.Nxd4 Nf6 5.f3 e5 6.Bb5+ Bd7 7.Bxd7+ Qxd7 8.Nf5 d5
9.Bg5 d4 10.Bxf6 gxf6 11.O-O Nc6 12.Qe2 O-O-O 13.Rd1 Bc5 14.Kh1 Qc7 15.c3 Kb8
16.a3 Bb6 17.b4 dxc3 18.Nxc3 Nd4 19.Nxd4 Qxc3 20.Nb5 Qe3 21.Qc4 a6 22.Nd6 Rd7
23.Rd5 Rg8 24.Qc2 Rc7 25.Qd2 Qb3 26.Rd3 Qa4 27.Rc1 Rxc1+ 28.Qxc1 Rd8 29.Rd5
Qb3 30.h3 Be3 31.Qa1 Bf4 32.b5 Qc2 33.bxa6 Rg8 34.a7+ Ka8 35.Qg1 Be3 36.Qf1
Rxg2 37.Qxg2 Qc1+ 38.Kh2 Bf4+ {#R} 0-1

[Event "Czech League 1998/99 (2nd) (a)"]
[Site "masterchessopen.com Czech Republic"]
[Round "0"]
[White "Kastner Oldrich (CZE)"]
[Black "Soukup Vaclav (CZE)"]
[Result "0-1"]
[WhiteElo "2193"]
[BlackElo "2136"]

1.e4 c5 2.Nf3 d6 3.d4 cxd4 4.Nxd4 Nf6 5.f3 e5 6.Bb5+ Bd7 7.Bxd7+ Qxd7 8.Nf5 d5
9.Bg5 Nc6 10.Bxf6 gxf6 11.Nc3 Bb4 12.Qxd5 Qxd5 13.exd5 Nd4 14.Ne3 Rc8 15.a3
Bxc3+ 16.bxc3 Rxc3 17.Kd2 Rxe3 18.Kxe3 Nxc2+ 19.Ke4 Nxa1 20.Rxa1 Ke7 21.Rb1 b6
22.Rc1 Rd8 23.g4 Rd6 24.Rc8 Rd8 25.Rxd8 Kxd8 26.h4 b5 27.Kf5 Ke7 28.h5 a5
29.h6 b4 30.axb4 axb4 31.d6+ Kxd6 32.Kxf6 b3 33.Kg7 b2 34.Kxh7 b1=Q+ 35.Kg7 e4
36.fxe4 Qxe4 37.h7 Qg6+ 38.Kh8 Qf6+ 39.Kg8 Qg6+ 40.Kh8 Qh6 41.g5 Qf8# 0-1

[Event "Extra League 1998/99"]
[Site "masterchessopen.com Czech Republic"]
[Round "9"]
[White "Gross Stefan (CZE)"]
[Black "Znamenacek Kvetoslav (CZE)"]
[Result "1-0"]
[WhiteElo "2371"]
[BlackElo "2325"]

1.e4 c5 2.Nf3 d6 3.d4 cxd4 4.Nxd4 Nf6 5.f3 e5 6.Bb5+ Nbd7 7.Nf5 Qb6 8.Nc3 a6
9.Ba4 h6 10.Ne3 Be7 11.Ned5 Nxd5 12.Nxd5 Qa5+ 13.c3 b5 14.Bb3 Bb7 15.Be3 Qd8
16.a4 Nc5 17.axb5 axb5 18.Rxa8 Bxa8 19.O-O O-O 20.Nxe7+ Qxe7 21.Bd5 Na4
22.Bxa8 Rxa8 23.Qb3 Qe8 24.Rd1 Qc6 25.Rd5 Nc5 26.Qd1 Nb7 27.h3 Qc4 28.Kh2 Ra2
29.Qb1 Ra6 30.Qc2 Ra1 31.b3 Qf1 32.Qf2 Qh1+ 33.Kg3 Nd8 34.Rxd6 Ne6 35.Rd5 f6
36.Rd7 h5 37.Qd2 Kh7 38.Re7 Rd1 39.Qe2 h4+ 40.Kxh4 Nf4 41.Bxf4 exf4 42.Qf2 Qh2
43.Kh5 Rd8 44.e5 f5 45.Kg5 Rf8 46.Qh4+ Kg8 47.g4 Qa2 48.Kg6 Qa6+ 49.e6 {#r}
1-0

[Event "Ch Romania (w)"]
[Site "masterchessopen.com Iasi (Romania)"]
[Round "5"]
[White "Istrati Viorica (ROM)"]
[Black "Trofim Georgiana (ROM)"]
[Result "1-0"]
[WhiteElo "2127"]
[BlackElo "2029"]

1.e4 c5 2.Nf3 d6 3.d4 cxd4 4.Nxd4 Nf6 5.f3 e5 6.Bb5+ Bd7 7.Bxd7+ Nbxd7 8.Nf5
Nb6 9.c4 Qd7 10.Ne3 Be7 11.Nc3 g5 12.b3 h5 13.Ba3 a6 14.Nf5 O-O-O 15.Qd3 Kb8
16.O-O-O Nc8 17.Kb1 g4 18.Qe3 Qc7 19.Rd3 Rhg8 20.Rhd1 gxf3 21.Qxf3 Rg6 22.Qe2
Rdg8 23.g3 Rg4 24.Nd5 Qd8 25.Ndxe7 Nxe7 26.Bxd6+ {#r} 1-0

[Event "Ch Europe (juniors) (under 16) (g)"]
[Site "masterchessopen.com Litohoto (Greece)"]
[Round "2"]
[White "Berzina Ilze (LAT)"]
[Black "Matnadze Ana (GEO)"]
[Result "0-1"]
[WhiteElo "2075"]
[BlackElo "2280"]

1.e4 c5 2.Nf3 d6 3.d4 cxd4 4.Nxd4 Nf6 5.f3 e5 6.Bb5+ Nbd7 7.Nf5 d5 8.exd5 a6
9.Ba4 b5 10.Bb3 Nb6 11.Ne3 Bb7 12.Nc3 Rc8 13.O-O Bc5 14.Kh1 O-O 15.a4 Bxe3
16.Bxe3 Nbxd5 17.Nxd5 Bxd5 18.Bxd5 Qxd5 19.c3 Qc4 20.Qe1 bxa4 21.Bg5 Nd7
22.Qg3 f6 23.Rfd1 Nc5 24.Bh6 Rc7 25.h3 Kh8 26.Be3 Nd3 27.Rd2 Rb7 28.Rad1 Nxb2
29.Rd7 Rxd7 30.Rxd7 Rg8 31.Qe1 a3 32.Kh2 Qb5 33.Rc7 a2 34.Qa1 Qb3 35.Rc6 Na4
36.Rd6 Qb1 37.Rd1 Nxc3 38.Rxb1 axb1=Q 39.Qxc3 Qb5 {#R} 0-1

[Event "Ch Germany (juniors) (under 14)"]
[Site "masterchessopen.com Oberhof (Germany)"]
[Round "1"]
[White "Jost Markus (GER)"]
[Black "Schaffer Hendrik (GER)"]
[Result "0-1"]
[WhiteElo "2024"]
[BlackElo "2121"]

1.e4 c5 2.Nf3 d6 3.d4 cxd4 4.Nxd4 Nf6 5.f3 e5 6.Bb5+ Nbd7 7.Nf5 Qa5+ 8.Nc3 Qc7
9.Bg5 a6 10.Bxf6 gxf6 11.Ba4 b5 12.Bb3 Nb6 13.Ne3 Be6 14.Ncd5 Nxd5 15.Nxd5
Bxd5 16.Bxd5 Rc8 17.c3 Rg8 18.Qd2 Rg6 19.O-O Bh6 20.Qe2 Qb6+ 21.Kh1 Ke7 22.g3
Rcg8 23.f4 exf4 24.gxf4 Bxf4 25.Qe1 Bxh2 26.Qf2 Qxf2 27.Rxf2 Be5 {#R} 0-1

[Event "Ch Germany (juniors) (under 16)"]
[Site "masterchessopen.com Oberhof (Germany)"]
[Round "3"]
[White "Schargorodskij Maxim (GER)"]
[Black "Zimmermann Julian (GER)"]
[Result "0-1"]
[WhiteElo "2183"]
[BlackElo "2304"]

1.e4 c5 2.Nf3 d6 3.d4 cxd4 4.Nxd4 Nf6 5.f3 e5 6.Bb5+ Bd7 7.Bxd7+ Qxd7 8.Nf5 h6
9.c4 g6 10.Ne3 Bg7 11.Nc3 Nc6 12.O-O O-O-O 13.Rb1 Kb8 14.b4 Nh5 15.Ned5 Nf4
16.Nxf4 exf4 17.Nd5 g5 18.Bb2 Bxb2 19.Rxb2 Ne5 20.Qe2 f5 21.c5 dxc5 22.bxc5
fxe4 23.fxe4 Qc6 24.Qc2 Ka8 25.Qc3 Nd7 26.Rfb1 Qxc5+ 27.Qxc5 Nxc5 28.Rb5 Rc8
29.Ne7 Rc7 30.Nd5 Rc6 31.Rc1 Ne6 32.Rcb1 Rc2 33.a4 Nd4 {#R} 0-1

[Event "Ch World (juniors) (under 16)"]
[Site "masterchessopen.com Oropesa (Spain)"]
[Round "2"]
[White "Kritz Leonid (GER)"]
[Black "Braschi Giancarlo (ITA)"]
[Result "1-0"]
[WhiteElo "2336"]
[BlackElo "2092"]

1.e4 c5 2.Nf3 d6 3.d4 cxd4 4.Nxd4 Nf6 5.f3 e5 6.Bb5+ Bd7 7.Bxd7+ Nbxd7 8.Nf5
Nb6 9.c4 Nxc4 10.Nc3 Qd7 11.Bg5 Nb6 12.Bxf6 gxf6 13.Qd3 Rg8 14.O-O Rg5 15.Rfd1
Rd8 16.g4 d5 17.exd5 Bc5+ 18.Kh1 Rxf5 19.gxf5 a6 20.Ne4 Be7 21.d6 Qxf5 22.Qb3
Bf8 23.Rd3 Nc8 24.d7+ Rxd7 25.Rxd7 Kxd7 26.Qxb7+ Ke8 27.Qc6+ Ke7 28.Qc7+ Ke8
29.Nxf6+ Qxf6 30.Qxc8+ Ke7 31.Qb7+ Ke8 32.Rc1 Be7 33.Rc8+ Bd8 34.Qc6+ Qxc6
35.Rxc6 a5 36.Rh6 Ke7 37.Kg2 f5 38.Rxh7+ Kd6 39.Kf2 Bb6+ 40.Ke2 Bd4 41.b3 Kc5
42.Rf7 Kb4 43.Kd3 Ka3 44.Rxf5 Kxa2 45.Kc4 {#r} 1-0

[Event "It (open) \"]
[Site "masterchessopen.com St. Petersburg (Russia)"]
[Round "1"]
[White "Shaposhnikov Evgeny (RUS)"]
[Black "Druzhinina Olga (RUS)"]
[Result "1-0"]
[WhiteElo "2494"]
[BlackElo "2208"]

1.e4 c5 2.Nf3 d6 3.d4 cxd4 4.Nxd4 Nf6 5.f3 e5 6.Bb5+ Nbd7 7.Nf5 a6 8.Bxd7+
Qxd7 9.Bg5 d5 10.Bxf6 gxf6 11.Ne3 d4 12.Nd5 Qc6 13.O-O f5 14.c4 f4 15.Qd3 Bd7
16.Nd2 Rc8 17.b4 Qg6 18.Rf2 h5 19.c5 Be6 20.Nc4 f6 21.Ncb6 Rc6 22.Kf1 Kf7
23.Rc1 Rg8 24.a4 h4 25.Ke2 h3 26.gxh3 Qh5 27.Nc4 Qxh3 28.Na5 Rg2 29.Rf1 Bxd5
30.exd5 Rc7 31.Rxg2 Qxg2+ 32.Rf2 Qh3 33.d6 Rd7 34.Qc4+ Qe6 35.Kd3 f5 36.Re2
Bg7 37.b5 axb5 38.axb5 b6 39.c6 Rxd6 40.c7 {#r} 1-0

[Event "Ch Estonia (team)"]
[Site "masterchessopen.com Tallinn (Estonia)"]
[Round "1"]
[White "Liiva Riho (EST)"]
[Black "Krupenski Yuri (EST)"]
[Result "1-0"]
[WhiteElo "2420"]
[BlackElo "2163"]

1.e4 c5 2.Nf3 d6 3.d4 cxd4 4.Nxd4 Nf6 5.f3 e5 6.Bb5+ Nbd7 7.Nf5 d5 8.exd5 a6
9.Ba4 b5 10.Bb3 Nb6 11.Ne3 Bb7 12.Nc3 Bc5 13.Qd3 O-O 14.Ne4 Nxe4 15.fxe4 a5
16.a3 Bxe3 17.Bxe3 Ba6 18.Bc5 Re8 19.O-O-O Nd7 20.Qe3 Qc7 21.Be7 a4 22.d6 Qc8
23.Bd5 Bb7 24.Ba2 b4 25.axb4 Ba6 26.Qc3 Qxc3 27.bxc3 Rac8 28.Rhf1 Bc4 29.Bxc4
Rxc4 30.Rf3 Rxe4 31.Rd5 Rc4 32.Ra5 e4 33.Re3 f6 34.Ra7 {#r} 1-0

[Event "It (open)"]
[Site "masterchessopen.com Trinec (Czech Republic)"]
[Round "8"]
[White "Chernyshov Konstantin (RUS)"]
[Black "Rachela Milan (SVK)"]
[Result "1-0"]
[WhiteElo "2483"]
[BlackElo "2174"]

1.e4 c5 2.Nf3 d6 3.d4 cxd4 4.Nxd4 Nf6 5.f3 e5 6.Bb5+ Nbd7 7.Nf5 d5 8.exd5 a6
9.Ba4 b5 10.Bb3 Nb6 11.Ne3 Bc5 12.Nc3 O-O 13.Qd3 Bd4 14.Ne4 Nh5 15.c3 Nf4
16.Qc2 Bxe3 17.Bxe3 Nc4 18.Bxc4 bxc4 19.Bxf4 exf4 20.O-O-O Qa5 21.a3 Bd7
22.Rd4 Bb5 23.Qd2 Rfe8 24.Nd6 Re3 25.Re1 Qc7 26.Nxb5 axb5 27.d6 Rxe1+ 28.Qxe1
Qb6 29.d7 Qd8 30.Qe5 g6 31.Qxf4 Qe7 32.Qe4 Qd8 33.Qe5 {#r} 1-0

[Event "Ch Azerbaijan (juniors) (under 20)"]
[Site "masterchessopen.com Baku (Azerbaijan)"]
[Round "0"]
[White "Dovliatov Sanan (AZE)"]
[Black "Babaev Rashad (AZE)"]
[Result "1-0"]
[WhiteElo "2360"]
[BlackElo "2322"]

1.e4 c5 2.Nf3 d6 3.d4 cxd4 4.Nxd4 Nf6 5.f3 e5 6.Bb5+ Nbd7 7.Nf5 a6 8.Bxd7+
Qxd7 9.Ne3 Qc6 10.Nc3 Be6 11.O-O Rc8 12.Kh1 b5 13.a4 b4 14.Ncd5 Bxd5 15.exd5
Qb7 16.Qd3 g6 17.c4 bxc3 18.bxc3 Be7 19.Rb1 Qa7 20.Nc4 O-O 21.Nb6 Rb8 22.Be3
Qc7 23.Rfc1 Qb7 24.a5 Bd8 25.Nd7 {#r} 1-0

[Event "It (b)"]
[Site "masterchessopen.com Budapest (Hungary)"]
[Round "2"]
[White "Froehlich Peter (GER)"]
[Black "Rajlich Vasik G (USA)"]
[Result "1-0"]
[WhiteElo "2440"]
[BlackElo "2209"]

1.e4 c5 2.Nf3 d6 3.d4 cxd4 4.Nxd4 Nf6 5.f3 e5 6.Bb5+ Nbd7 7.Nf5 Qb6 8.Nc3 a6
9.Ba4 Rb8 10.Be3 Qxb2 11.Kd2 Qb4 12.Rb1 Qc4 13.Ba7 Ra8 14.Ne3 Qe6 15.Ncd5 Kd8
16.Bb6+ Nxb6 17.Nxb6 Rb8 18.Ke2 Nd7 19.Qd2 Nxb6 20.Qa5 Bd7 21.Qxb6+ Ke8 22.Qc7
Rd8 23.Bxd7+ Qxd7 24.Qxb7 Qa4 25.Qd5 Be7 26.Rb7 Rd7 27.Rhb1 {#r} 1-0

[Event "It (open)"]
[Site "masterchessopen.com Frymburk (Czech Republic)"]
[Round "4"]
[White "Kastner Oldrich (CZE)"]
[Black "Herejk Petr (CZE)"]
[Result "0-1"]
[WhiteElo "2193"]
[BlackElo "2171"]

1.e4 c5 2.Nf3 d6 3.d4 cxd4 4.Nxd4 Nf6 5.f3 e5 6.Bb5+ Bd7 7.Bxd7+ Qxd7 8.Nf5 d5
9.Bg5 d4 10.Bxf6 gxf6 11.O-O Nc6 12.a3 O-O-O 13.Qd3 Kb8 14.Rd1 Qc7 15.Nd2 Ne7
16.Nxe7 Bxe7 17.Nf1 Rc8 18.Rd2 Qb6 19.Rb1 Rhd8 20.Kh1 Rc3 21.bxc3 Qxb1 22.Rd1
Qb2 23.cxd4 Rxd4 24.Qe2 Bxa3 25.Ne3 Rxd1+ 26.Nxd1 Qd4 27.c3 Qb6 28.g3 Bc5
29.Kg2 a5 30.Qc4 Qd6 31.Qa4 Bb6 32.Qb3 h5 33.Nb2 Qd2+ 34.Kh3 Bg1 {#R} 0-1